zpět

Detail výsledku týmu

Spirit Bar - Žižkov, Praha

Datum a čas kvízu

31.5 Celkem bodů Celkový počet nahraných bodů na tomto kvízu bez doplňovacích otázek.
8. Pořadí na kvízu Konečné umístění týmu na tomto kvízu.

Zaznamenané odpovědi

# Otázka Odpověď Body Výsledky
1. Automobilka BMW zahájila minul... autonomní řízení (bez řidiče) 1
2. V pondělí odstartoval tři roky... Worldcoin 0
3. Který padesátiletý zpěvák a ky... Matěj Homola 1
4. Ve čtvrtek se v newyorské síni... Voyager (1 a 2) 1
5. Sedmadvacetiletý srbský záložn... Čenstochová (Częstochowa) 0
6. Předmětem tohoto tématu budou... 1B 2D 3A 4C 1
7. Český politik, který se dostal... Adam Vojtěch a Vojtěch Adam 0
8. Významný český lékař, dětský n... Václav Vojta 1
9. Adam Ondra, coby jeden z nejle... D 1
10. Fakt, že se autor literární př... George Raymond Richard 0.5